| 000 -LEADER |
| fixed length control field |
01206nam a2200157 4500 |
| 020 ## - INTERNATIONAL STANDARD BOOK NUMBER |
| ISBN |
9783725837724 |
| 082 ## - DEWEY DECIMAL CLASSIFICATION NUMBER |
| Classification number |
657-223 |
| Item number |
Ad244 |
| 245 ## - TITLE STATEMENT |
| Title |
Advances in accounting & auditing research / edited by Rania Mousa. |
| 260 ## - PUBLICATION, DISTRIBUTION, ETC. (IMPRINT) |
| Place of publication |
Basel, Switzerland : |
| Name of publisher |
MDPI, |
| Year of publication |
C2025. |
| 300 ## - PHYSICAL DESCRIPTION |
| Number of Pages |
1 online resource, ix, 326 pages. |
| Other physical details |
illustrations |
| 500 ## - GENERAL NOTE |
| General note |
Includes bibliographical references. |
| 520 ## - SUMMARY, ETC. |
| Summary, etc |
This reprint collection features the complete set of articles from the Special Issue in the Journal of Risk and Financial Management, titled Advances in Accounting and Auditing Research, focusing on timely and emerging themes in various areas of accounting and auditing. The Special Issue is edited by Prof. Dr. Rania Mousa. It is a compilation that provides a comprehensive overview of current research on financial reporting, ESG reporting, earnings management, audit quality, and accounting standards integration. It also presents cutting-edge research which assesses the impact of AI disclosure on financial reporting and performance and the role of technological readiness in enhancing the quality of audit work. |
| 650 ## - SUBJECT ADDED ENTRY--TOPICAL TERM |
| Topical Term |
Accounting - Research. |
| 650 ## - SUBJECT ADDED ENTRY--TOPICAL TERM |
| Topical Term |
Auditing - Research. |
| 942 ## - ADDED ENTRY ELEMENTS (KOHA) |
| Koha item type |
Electronic Books |